Un tipo grande se llevó mi pelota! / (Record no. 20356)

MARC details
000 -LEADER
fixed length control field 02861cam a2200685Ii 4500
001 - CONTROL NUMBER
control field sjds1448978
003 - CONTROL NUMBER IDENTIFIER
control field sjds
005 - DATE AND TIME OF LATEST TRANSACTION
control field 20180413232641.0
008 - FIXED-LENGTH DATA ELEMENTS--GENERAL INFORMATION
fixed length control field 141126s2015 nyua a 000 1 spa d
010 ## - LIBRARY OF CONGRESS CONTROL NUMBER
LC control number 2014042733
020 ## - INTERNATIONAL STANDARD BOOK NUMBER
International Standard Book Number 9781484722855
020 ## - INTERNATIONAL STANDARD BOOK NUMBER
International Standard Book Number 148472285X
035 ## - SYSTEM CONTROL NUMBER
System control number 776840
035 ## - SYSTEM CONTROL NUMBER
System control number (OCoLC)897346133
Canceled/invalid control number (OCoLC)907157561
-- (OCoLC)928988463
035 ## - SYSTEM CONTROL NUMBER
System control number (OCoLC)897346133
035 ## - SYSTEM CONTROL NUMBER
System control number 776840
040 ## - CATALOGING SOURCE
Original cataloging agency DLC
Language of cataloging eng
Description conventions rda
Transcribing agency DLC
Modifying agency BTCTA
-- OJ4
-- OQX
-- GO3
-- OCLCF
-- SAP
-- OCLCO
-- NYP
-- OCLCQ
-- OCLCO
-- IFA
041 1# - LANGUAGE CODE
Language code of text/sound track or separate title spa
Language code of original eng
042 ## - AUTHENTICATION CODE
Authentication code pcc
-- lcac
049 ## - LOCAL HOLDINGS (OCLC)
Holding library IFAA
099 ## - LOCAL FREE-TEXT CALL NUMBER (OCLC)
Filing suffix 2015
100 1# - MAIN ENTRY--PERSONAL NAME
Personal name Willems, Mo,
Relator term author,
-- illustrator.
240 10 - UNIFORM TITLE
Uniform title <a href="Big guy took my ball.">Big guy took my ball.</a>
Language of a work Spanish
245 13 - TITLE STATEMENT
Title Un tipo grande se llevó mi pelota! /
Statement of responsibility, etc. por Mo Willems ; adaptado al español por F. Isabel Campoy.
246 ## - VARYING FORM OF TITLE
Title proper/short title Un tipo grande se llevó mi pelota!
250 ## - EDITION STATEMENT
Edition statement Edición primera en español.
260 ## - PUBLICATION, DISTRIBUTION, ETC. (IMPRINT)
Place of publication, distribution, etc. New York :
Name of publisher, distributor, etc. Hyperion Books for Children, an imprint of Disney Book Group,
Date of publication, distribution, etc. 2015.
264 #1 - PRODUCTION, PUBLICATION, DISTRIBUTION, MANUFACTURE, AND COPYRIGHT NOTICE
Place of production, publication, distribution, manufacture New York :
Name of producer, publisher, distributor, manufacturer Hyperion Books for Children, an imprint of Disney Book Group,
Date of production, publication, distribution, manufacture, or copyright notice 2015.
300 ## - PHYSICAL DESCRIPTION
Extent 56 pages :
Other physical details color illustrations ;
Dimensions 24 cm.
336 ## - CONTENT TYPE
Content type term text
Content type code txt
Source rdacontent
336 ## - CONTENT TYPE
Content type term still image
Content type code sti
Source rdacontent
337 ## - MEDIA TYPE
Media type term unmediated
Media type code n
Source rdamedia
338 ## - CARRIER TYPE
Carrier type term volume
Carrier type code nc
Source rdacarrier
490 1# - SERIES STATEMENT
Series statement Un libro de Elefante y Cerdita
500 ## - GENERAL NOTE
General note Título original: A Big guy took my ball.
520 ## - SUMMARY, ETC.
Summary, etc. En Un tipo grande se llevó mi pelota! cuando un tipo grande se lleva su pelota, Cerdita está devastada. Geraldo también es grande ... pero lo suficiente como para ayudar a su mejor amiga?
520 ## - SUMMARY, ETC.
Summary, etc. Piggie is upset because a whale took the ball she found, but Gerald finds a solution that pleases all of them.
546 ## - LANGUAGE NOTE
Language note In Spanish = En español.
586 ## - AWARDS NOTE
Awards note "Theodor Seuss Geisel Honor Book"--Cover.
586 ## - AWARDS NOTE
Awards note "Theodor Seuss Geisel Honor Book"--Cover.
650 #0 - SUBJECT ADDED ENTRY--TOPICAL TERM
Topical term or geographic name as entry element Elephants
Form subdivision Juvenile fiction.
650 #0 - SUBJECT ADDED ENTRY--TOPICAL TERM
Topical term or geographic name as entry element Swine
Form subdivision Juvenile fiction.
650 #0 - SUBJECT ADDED ENTRY--TOPICAL TERM
Topical term or geographic name as entry element Whales
Form subdivision Juvenile fiction.
650 #0 - SUBJECT ADDED ENTRY--TOPICAL TERM
Topical term or geographic name as entry element Size perception
Form subdivision Juvenile fiction.
650 #0 - SUBJECT ADDED ENTRY--TOPICAL TERM
Topical term or geographic name as entry element Friendship
Form subdivision Juvenile fiction.
650 #0 - SUBJECT ADDED ENTRY--TOPICAL TERM
Topical term or geographic name as entry element Play
Form subdivision Juvenile fiction.
650 #0 - SUBJECT ADDED ENTRY--TOPICAL TERM
Topical term or geographic name as entry element Sharing
Form subdivision Juvenile fiction.
650 #0 - SUBJECT ADDED ENTRY--TOPICAL TERM
Topical term or geographic name as entry element Ball games
Form subdivision Juvenile fiction.
650 #7 - SUBJECT ADDED ENTRY--TOPICAL TERM
Topical term or geographic name as entry element Elefantes
Form subdivision Novela juvenil.
Source of heading or term bidex
650 #7 - SUBJECT ADDED ENTRY--TOPICAL TERM
Topical term or geographic name as entry element Cerdos
Form subdivision Novela juvneil.
Source of heading or term bidex
650 #7 - SUBJECT ADDED ENTRY--TOPICAL TERM
Topical term or geographic name as entry element Ballenas
Form subdivision Novela juvenil.
Source of heading or term bidex
650 #7 - SUBJECT ADDED ENTRY--TOPICAL TERM
Topical term or geographic name as entry element Percepción de tamaño
Form subdivision Novela juvenil.
Source of heading or term bidex
650 #7 - SUBJECT ADDED ENTRY--TOPICAL TERM
Topical term or geographic name as entry element Amistad
Form subdivision Novela juvenil.
Source of heading or term bidex
650 #7 - SUBJECT ADDED ENTRY--TOPICAL TERM
Topical term or geographic name as entry element Juegos infantiles
Form subdivision Novela infantil.
Source of heading or term bidex
650 #7 - SUBJECT ADDED ENTRY--TOPICAL TERM
Topical term or geographic name as entry element Participación y repartición
Form subdivision Novela juvenil.
Source of heading or term bidex
650 #7 - SUBJECT ADDED ENTRY--TOPICAL TERM
Topical term or geographic name as entry element Juegos de pelota
Form subdivision Novela juvenil.
Source of heading or term bidex
700 1# - ADDED ENTRY--PERSONAL NAME
Personal name Campoy, F. Isabel,
Relator term translator.
800 1# - SERIES ADDED ENTRY--PERSONAL NAME
Personal name Willems, Mo.
Title of a work Elephant & Piggie book.
Language of a work Spanish.
942 ## - ADDED ENTRY ELEMENTS (KOHA)
Koha item type Libro/Book
Source of classification or shelving scheme Dewey Decimal Classification

No items available.

Powered by Koha